00864nam a2200241 i 4500001000300000245011800003260003200121300002800153504002600181650005400207655003000261700003200291020001500323040000800338041000700346080002700353920001800380942000700398008004100405999001700446856009800463952006100561bg00aMiędzynarodowe stosunki gospodarcze na przełomie wieków :bpraca zbiorowa /cpod red. Macieja Piklikiewicza. aWarszawa :b"Difin",c2001. a279 s. :bil. ;c23 cm. aBibliogr. przy rozdz. 9aMiędzynarodowe stosunki gospodarczeyod 1989 r. aPodręczniki akademickie1 aPIKLIKIEWICZ, Maciej.eRed. a8372511047 cBPK0 apl a339.9"1989/..."(075.8) a83-7251-104-7 cKS s pl f |000 0 pol  c41539d41539 uhttp://koha.tu.koszalin.pl/cgi-bin/koha/opac-detail.pl?biblionumber=41539yKatalog online BPK 00104071aBPKbBPKceho63756p01767780t339 H.MsgyKS